Chemical engineering kinetics (Record no. 6589)

000 -LEADER
fixed length control field 00510nam a2200193 4500
001 - CONTROL NUMBER
control field 6589
003 - CONTROL NUMBER IDENTIFIER
control field BD-DhUET
008 - FIXED-LENGTH DATA ELEMENTS--GENERAL INFORMATION
fixed length control field 700825s1970 nyua b 001 0 eng
040 ## - CATALOGING SOURCE
Transcribing agency 0
Modifying agency BD-DhUET
Original cataloging agency DLC
082 00 - DEWEY DECIMAL CLASSIFICATION NUMBER
Classification number 541.39
Item number SMI/1970
100 ## - MAIN ENTRY--PERSONAL NAME
Personal name Smith, J. M.
245 10 - TITLE STATEMENT
Title Chemical engineering kinetics
250 ## - EDITION STATEMENT
Edition statement 2nd ed.
260 ## - PUBLICATION, DISTRIBUTION, ETC. (IMPRINT)
Place of publication, distribution, etc. New York
Name of publisher, distributor, etc. McGraw-Hill
Date of publication, distribution, etc. 1970
300 ## - PHYSICAL DESCRIPTION
Extent xviii, 612p.
Other physical details ill.
490 0# - SERIES STATEMENT
Series statement McGraw-Hill chemical engineering series
650 #0 - SUBJECT ADDED ENTRY--TOPICAL TERM
Topical term or geographic name as entry element Kinetics : Physical chemistry
942 ## - ADDED ENTRY ELEMENTS (KOHA)
Koha item type General Book
Holdings
Not for loan Koha item type Koha date last seen Koha normalized classification for sorting Sublocation or collection (holding branch) Withdrawn status Shelving location Lost status Copy number Location (home branch) Date acquired Damaged status Koha full call number Price effective from Piece designation (barcode) Source of classification or shelving scheme
 General Book2014-12-04541_390000000000000_SMI_1970Central Library, BUET Circulation section 1Central Library, BUET2014-12-04 541.39/SMI/19702014-12-0484576 
 General Book2014-12-12541_390000000000000_SMI_1970Central Library, BUET Circulation section 2Central Library, BUET2014-12-12 541.39/SMI/19702014-12-1229865 
 General Book2014-12-12541_390000000000000_SMI_1970Central Library, BUET Circulation section 3Central Library, BUET2014-12-12 541.39/SMI/19702014-12-1229867 
 General Book2014-12-12541_390000000000000_SMI_1970Central Library, BUET Circulation section 4Central Library, BUET2014-12-12 541.39/SMI/19702014-12-1229863 
 General Book2015-03-11541_390000000000000_SMI_1970Central Library, BUET Circulation section 5Central Library, BUET2015-03-11 541.39/SMI/19702015-03-1129871 
 General Book2015-03-14541_390000000000000_SMI_1970Central Library, BUET Circulation section 6Central Library, BUET2015-03-14 541.39/SMI/19702015-03-1429868 
 General Book2015-03-14541_390000000000000_SMI_1970Central Library, BUET Circulation section 7Central Library, BUET2015-03-14 541.39/SMI/19702015-03-1437045 
 General Book2015-04-23541_390000000000000_SMI_1970Central Library, BUET Circulation section 8Central Library, BUET2015-04-23 541.39/SMI/19702015-04-2329869 
 General Book2015-04-23541_390000000000000_SMI_1970Central Library, BUET Circulation section 9Central Library, BUET2015-04-23 541.39/SMI/19702015-04-2329859 
 General Book2015-04-26541_390000000000000_SMI_1970Central Library, BUET Circulation section 10Central Library, BUET2015-04-26 541.39/SMI/19702015-04-2629870 
 General Book2015-04-26541_390000000000000_SMI_1970Central Library, BUET Circulation section 11Central Library, BUET2015-04-26 541.39/SMI/19702015-04-2629861 
 General Book2015-04-27541_390000000000000_SMI_1970Central Library, BUET Circulation section 12Central Library, BUET2015-04-27 541.39/SMI/19702015-04-2725967 
 General Book2015-04-27541_390000000000000_SMI_1970Central Library, BUET Circulation section 13Central Library, BUET2015-04-27 541.39/SMI/19702015-04-2729860 
 Reading Item2015-06-08541_390000000000000_SMI_1970Central Library, BUET Reading section 14Central Library, BUET2015-06-08 541.39/SMI/19702015-06-0829862 
 Reading Item2015-06-08541_390000000000000_SMI_1970Central Library, BUET Reading section 15Central Library, BUET2015-06-08 541.39/SMI/19702015-06-0829866 
 Reading Item2015-06-08541_390000000000000_SMI_1970Central Library, BUET Reading section 16Central Library, BUET2015-06-08 541.39/SMI/19702015-06-0829872 
 Reading Item2015-06-08541_390000000000000_SMI_1970Central Library, BUET Reading section 17Central Library, BUET2015-06-08 541.39/SMI/19702015-06-0829864